A time for greatness / (Record no. 193975)
[ view plain ]
| 000 -LEADER | |
|---|---|
| fixed length control field | 00461 a2200157 4500 |
| 003 - CONTROL NUMBER IDENTIFIER | |
| control field | Nust |
| 005 - DATE AND TIME OF LATEST TRANSACTION | |
| control field | 20230202094454.0 |
| 040 ## - CATALOGING SOURCE | |
| Transcribing agency | Nust |
| 082 ## - DEWEY DECIMAL CLASSIFICATION NUMBER | |
| Classification number | 940,AGA |
| 100 ## - MAIN ENTRY--PERSONAL NAME | |
| Personal name | Agar, Herbert |
| 9 (RLIN) | 108438 |
| 245 ## - TITLE STATEMENT | |
| Title | A time for greatness / |
| Statement of responsibility, etc. | Herbert Agar |
| 260 ## - PUBLICATION, DISTRIBUTION, ETC. | |
| Place of publication, distribution, etc. | London |
| Name of publisher, distributor, etc. | Eyre and spottiswoode |
| Date of publication, distribution, etc. | 1945 |
| 300 ## - PHYSICAL DESCRIPTION | |
| Extent | 160pages |
| 505 ## - FORMATTED CONTENTS NOTE | |
| Formatted contents note | To See The Challenge And To Meet It (Page-1), What Must We Discard, What Conserve? (Page-99). |
| 942 ## - ADDED ENTRY ELEMENTS (KOHA) | |
| Source of classification or shelving scheme | |
| Koha item type | Book |
| Call number prefix | 940,AGA |
| Withdrawn status | Lost status | Source of classification or shelving scheme | Damaged status | Not for loan | Permanent Location | Current Location | Shelving location | Date acquired | Full call number | Barcode | Date last seen | Price effective from | Koha item type | Public note |
|---|---|---|---|---|---|---|---|---|---|---|---|---|---|---|
| Military College of Signals (MCS) | Military College of Signals (MCS) | General Stacks | 12/12/2016 | 940,AGA | MCS29544 | 12/08/2016 | 12/12/2016 | Book | Almirah No. 59, Shelf No. 6 |
